000 00805nam a22002177a 4500
008 150720b xxu||||| |||| 00| 0 eng d
020 _a3211832297
041 0 _aeng
080 _a72
245 0 0 _aPrague, 20th century architecture /
_ceditors: Michal Kohout, Vladimir Slapeta, Stephan Templ ; translation: Joy Moss-Kohoutova, Howard Sidenberg.
250 _a1st English ed.
260 _aPraha :
_aWien ;
_aNew York :
_bZlatý řez ;
_bSpringer,
_c1999.
300 _a220 f. :
_bme il.;
_c22 cm.
505 _aChronological index: f. 206-209
505 _aArchitects: f. 210-214
505 _aTypological index: f. 215-217
505 _aBibliography: f. 219
505 _aPhoto and drawings index: f. 220
650 0 _aArkitekturë
_xHistori
_y20th century.
_zRepublika Çeke
_zPraga
942 _2udc
_cBK
999 _c1128
_d1128